| 000 | 00330cam a2200133ua 4500 | ||
|---|---|---|---|
| 020 | _a0 471 88499 5 | ||
| 082 |
_a635.014 _bSOU/GL |
||
| 100 |
_aSoule, James . _91468 |
||
| 245 | _aGlossary for Horticultural Crops / | ||
| 250 | _a1 / | ||
| 260 |
_aLondon : _bJohn Wiley & Sons , _c1985. |
||
| 300 | _a898 ; . | ||
| 942 | _cREF | ||
| 999 |
_c10881 _d10881 |
||